<?xml version="1.0" encoding="UTF-8"?>
<record
    xmlns:xsi="http://www.w3.org/2001/XMLSchema-instance"
    xsi:schemaLocation="http://www.loc.gov/MARC21/slim http://www.loc.gov/standards/marcxml/schema/MARC21slim.xsd"
    xmlns="http://www.loc.gov/MARC21/slim">

  <leader>00632nam a22001577a 4500</leader>
  <controlfield tag="003">OSt</controlfield>
  <controlfield tag="005">20160310092041.0</controlfield>
  <controlfield tag="008">160310b        xxu||||| |||| 00| 0 eng d</controlfield>
  <datafield tag="040" ind1=" " ind2=" ">
    <subfield code="c">RUA</subfield>
  </datafield>
  <datafield tag="082" ind1=" " ind2=" ">
    <subfield code="a">VEM SAN 2014 B460 Or.1</subfield>
  </datafield>
  <datafield tag="100" ind1=" " ind2=" ">
    <subfield code="9">7863</subfield>
    <subfield code="a">SAN, MONGKHUN.</subfield>
  </datafield>
  <datafield tag="245" ind1=" " ind2=" ">
    <subfield code="a">Study on parasites of dog at chhouk tep animal clinic in phnom penh(&#x179F;&#x17B7;&#x1780;&#x17D2;&#x179F;&#x17B6;&#x1796;&#x17B8;&#x1794;&#x179A;&#x17B6;&#x179F;&#x17B7;&#x178F;&#x179B;&#x17BE;&#x179F;&#x178F;&#x17D2;&#x179C;&#x179F;&#x17BB;&#x1793;&#x1781;&#x1793;&#x17C5;&#x1782;&#x17D2;&#x179B;&#x17B8;&#x1793;&#x17B7;&#x1780;&#x1796;&#x17D2;&#x1799;&#x17B6;&#x1794;&#x17B6;&#x179B;&#x179F;&#x178F;&#x17D2;&#x179C;&#x1788;&#x17BC;&#x179B;&#x1791;&#x17B7;&#x1796;&#x17D2;&#x179C;&#x179A;&#x17B6;&#x1787;&#x1792;&#x17B6;&#x1793;&#x17B8;&#x1797;&#x17D2;&#x1793;&#x17C6;&#x1796;&#x17C1;&#x1789;)</subfield>
  </datafield>
  <datafield tag="260" ind1=" " ind2=" ">
    <subfield code="a">Phnom Penh</subfield>
    <subfield code="b">RUA</subfield>
    <subfield code="c">2014</subfield>
  </datafield>
  <datafield tag="300" ind1=" " ind2=" ">
    <subfield code="a">ix, 33p.</subfield>
    <subfield code="b">ill.</subfield>
    <subfield code="c">29cm.</subfield>
  </datafield>
  <datafield tag="942" ind1=" " ind2=" ">
    <subfield code="2">ddc</subfield>
    <subfield code="c">VEM</subfield>
  </datafield>
  <datafield tag="999" ind1=" " ind2=" ">
    <subfield code="c">7458</subfield>
    <subfield code="d">7458</subfield>
  </datafield>
  <datafield tag="952" ind1=" " ind2=" ">
    <subfield code="0">0</subfield>
    <subfield code="1">0</subfield>
    <subfield code="2">ddc</subfield>
    <subfield code="4">0</subfield>
    <subfield code="6">VEM_SAN_2014_000000000000000_B460_OR_1</subfield>
    <subfield code="7">0</subfield>
    <subfield code="9">44188</subfield>
    <subfield code="a">LBB</subfield>
    <subfield code="b">LBB</subfield>
    <subfield code="c">B460</subfield>
    <subfield code="d">2016-03-10</subfield>
    <subfield code="o">VEM SAN 2014 B460 Or.1</subfield>
    <subfield code="p">RUA056731</subfield>
    <subfield code="r">2016-03-10</subfield>
    <subfield code="w">2016-03-10</subfield>
    <subfield code="y">VEM</subfield>
  </datafield>
  <datafield tag="952" ind1=" " ind2=" ">
    <subfield code="0">0</subfield>
    <subfield code="1">0</subfield>
    <subfield code="2">ddc</subfield>
    <subfield code="4">0</subfield>
    <subfield code="6">VEM_SAN_2014_000000000000000_B460_OR_2</subfield>
    <subfield code="7">0</subfield>
    <subfield code="9">44189</subfield>
    <subfield code="a">LBB</subfield>
    <subfield code="b">LBB</subfield>
    <subfield code="c">B460</subfield>
    <subfield code="d">2016-03-10</subfield>
    <subfield code="o">VEM SAN 2014 B460 Or.2</subfield>
    <subfield code="p">RUA056698</subfield>
    <subfield code="r">2016-03-10</subfield>
    <subfield code="w">2016-03-10</subfield>
    <subfield code="y">VEM</subfield>
  </datafield>
  <datafield tag="952" ind1=" " ind2=" ">
    <subfield code="0">0</subfield>
    <subfield code="1">0</subfield>
    <subfield code="2">ddc</subfield>
    <subfield code="4">0</subfield>
    <subfield code="6">VEM_SAN_2014_000000000000000_B460_OR_3</subfield>
    <subfield code="7">0</subfield>
    <subfield code="9">44190</subfield>
    <subfield code="a">LBB</subfield>
    <subfield code="b">LBB</subfield>
    <subfield code="c">B460</subfield>
    <subfield code="d">2016-03-10</subfield>
    <subfield code="l">1</subfield>
    <subfield code="o">VEM SAN 2014 B460 Or.3</subfield>
    <subfield code="p">RUA056791</subfield>
    <subfield code="r">2024-06-11</subfield>
    <subfield code="s">2024-05-27</subfield>
    <subfield code="w">2016-03-10</subfield>
    <subfield code="y">VEM</subfield>
  </datafield>
  <datafield tag="952" ind1=" " ind2=" ">
    <subfield code="0">0</subfield>
    <subfield code="1">0</subfield>
    <subfield code="2">ddc</subfield>
    <subfield code="4">0</subfield>
    <subfield code="6">VEM_SAN_2014_000000000000000_B460_OR_4</subfield>
    <subfield code="7">0</subfield>
    <subfield code="9">44191</subfield>
    <subfield code="a">LBB</subfield>
    <subfield code="b">LBB</subfield>
    <subfield code="c">B460</subfield>
    <subfield code="d">2016-03-10</subfield>
    <subfield code="o">VEM SAN 2014 B460 Or.4</subfield>
    <subfield code="p">RUA055735</subfield>
    <subfield code="r">2016-03-10</subfield>
    <subfield code="w">2016-03-10</subfield>
    <subfield code="y">VEM</subfield>
  </datafield>
  <datafield tag="952" ind1=" " ind2=" ">
    <subfield code="0">0</subfield>
    <subfield code="1">0</subfield>
    <subfield code="2">ddc</subfield>
    <subfield code="4">0</subfield>
    <subfield code="6">VEM_SAN_2014_000000000000000_B460_OR_5</subfield>
    <subfield code="7">0</subfield>
    <subfield code="9">44192</subfield>
    <subfield code="a">LBB</subfield>
    <subfield code="b">LBB</subfield>
    <subfield code="c">B460</subfield>
    <subfield code="d">2016-03-10</subfield>
    <subfield code="o">VEM SAN 2014 B460 Or.5</subfield>
    <subfield code="p">RUA056865</subfield>
    <subfield code="r">2016-03-10</subfield>
    <subfield code="w">2016-03-10</subfield>
    <subfield code="y">VEM</subfield>
  </datafield>
  <datafield tag="952" ind1=" " ind2=" ">
    <subfield code="0">0</subfield>
    <subfield code="1">0</subfield>
    <subfield code="2">ddc</subfield>
    <subfield code="4">0</subfield>
    <subfield code="6">VEM_SAN_2014_000000000000000_B460_OR_6</subfield>
    <subfield code="7">0</subfield>
    <subfield code="9">44193</subfield>
    <subfield code="a">LBB</subfield>
    <subfield code="b">LBB</subfield>
    <subfield code="c">B460</subfield>
    <subfield code="d">2016-03-10</subfield>
    <subfield code="o">VEM SAN 2014 B460 Or.6</subfield>
    <subfield code="p">RUA056770</subfield>
    <subfield code="r">2017-07-21</subfield>
    <subfield code="w">2016-03-10</subfield>
    <subfield code="y">VEM</subfield>
  </datafield>
  <datafield tag="952" ind1=" " ind2=" ">
    <subfield code="0">0</subfield>
    <subfield code="1">0</subfield>
    <subfield code="2">ddc</subfield>
    <subfield code="4">0</subfield>
    <subfield code="6">VEM_SAN_2014_000000000000000_B460_OR_7</subfield>
    <subfield code="7">0</subfield>
    <subfield code="9">44194</subfield>
    <subfield code="a">LBB</subfield>
    <subfield code="b">LBB</subfield>
    <subfield code="c">B460</subfield>
    <subfield code="d">2016-03-10</subfield>
    <subfield code="l">1</subfield>
    <subfield code="o">VEM SAN 2014 B460 Or.7</subfield>
    <subfield code="p">RUA056031</subfield>
    <subfield code="r">2016-08-12</subfield>
    <subfield code="s">2016-07-05</subfield>
    <subfield code="w">2016-03-10</subfield>
    <subfield code="y">VEM</subfield>
  </datafield>
  <datafield tag="952" ind1=" " ind2=" ">
    <subfield code="0">0</subfield>
    <subfield code="1">0</subfield>
    <subfield code="2">ddc</subfield>
    <subfield code="4">0</subfield>
    <subfield code="6">VEM_SAN_2014_000000000000000_B460_OR_8</subfield>
    <subfield code="7">0</subfield>
    <subfield code="9">44195</subfield>
    <subfield code="a">LBB</subfield>
    <subfield code="b">LBB</subfield>
    <subfield code="c">B460</subfield>
    <subfield code="d">2016-03-10</subfield>
    <subfield code="l">2</subfield>
    <subfield code="o">VEM SAN 2014 B460 Or.8</subfield>
    <subfield code="p">RUA056243</subfield>
    <subfield code="r">2017-02-06</subfield>
    <subfield code="s">2016-09-13</subfield>
    <subfield code="w">2016-03-10</subfield>
    <subfield code="y">VEM</subfield>
  </datafield>
  <datafield tag="952" ind1=" " ind2=" ">
    <subfield code="0">0</subfield>
    <subfield code="1">0</subfield>
    <subfield code="2">ddc</subfield>
    <subfield code="4">0</subfield>
    <subfield code="6">VEM_SAN_2014_000000000000000_B690_OR_1</subfield>
    <subfield code="7">0</subfield>
    <subfield code="9">87230</subfield>
    <subfield code="a">LBB</subfield>
    <subfield code="b">LBB</subfield>
    <subfield code="c">B690</subfield>
    <subfield code="d">2021-10-20</subfield>
    <subfield code="l">1</subfield>
    <subfield code="o">VEM SAN 2014 B690 Or.1</subfield>
    <subfield code="p">A067710</subfield>
    <subfield code="r">2022-09-07</subfield>
    <subfield code="s">2022-08-08</subfield>
    <subfield code="w">2021-10-20</subfield>
    <subfield code="y">VEM</subfield>
  </datafield>
  <datafield tag="952" ind1=" " ind2=" ">
    <subfield code="0">0</subfield>
    <subfield code="1">0</subfield>
    <subfield code="2">ddc</subfield>
    <subfield code="4">0</subfield>
    <subfield code="6">VEM_SAN_2014_000000000000000_B690_OR_1</subfield>
    <subfield code="7">0</subfield>
    <subfield code="9">87231</subfield>
    <subfield code="a">LBB</subfield>
    <subfield code="b">LBB</subfield>
    <subfield code="c">B690</subfield>
    <subfield code="d">2021-10-20</subfield>
    <subfield code="l">1</subfield>
    <subfield code="o">VEM SAN 2014 B690 Or.1</subfield>
    <subfield code="p">A065743</subfield>
    <subfield code="r">2025-08-20</subfield>
    <subfield code="s">2024-11-29</subfield>
    <subfield code="w">2021-10-20</subfield>
    <subfield code="y">VEM</subfield>
  </datafield>
  <datafield tag="952" ind1=" " ind2=" ">
    <subfield code="0">0</subfield>
    <subfield code="1">0</subfield>
    <subfield code="2">ddc</subfield>
    <subfield code="4">0</subfield>
    <subfield code="6">VEM_SAN_2014_000000000000000_B690_OR_1</subfield>
    <subfield code="7">0</subfield>
    <subfield code="9">87232</subfield>
    <subfield code="a">LBB</subfield>
    <subfield code="b">LBB</subfield>
    <subfield code="c">B690</subfield>
    <subfield code="d">2021-10-20</subfield>
    <subfield code="o">VEM SAN 2014 B690 Or.1</subfield>
    <subfield code="p">A065508</subfield>
    <subfield code="r">2021-10-20</subfield>
    <subfield code="w">2021-10-20</subfield>
    <subfield code="y">VEM</subfield>
  </datafield>
</record>
